000 00644nam a22002057a 4500
005 20251108171756.0
008 250721s2003 xx 000 0 eng d
082 1 4 _a291/جعب
100 1 _aالجعبري, معتز محمد هاشم
245 1 0 _aنصارى الغرب المتصهينون يرقصون على طبول هرمجدون /
264 1 _aعمان :
_bعالم الثقافة,
_c2003.
300 _a96ص
650 1 7 _aالديانات المقارنة
650 1 7 _aالإسلام
650 1 7 _aالمسيحية
650 1 7 _aاليهودية
650 1 7 _aاليوم الآخرة
942 _2ddc
_cBK
999 _c62209
_d62209